green montana : discographie - Statistiques

Statistiques générales
  • Ce quiz a été pris 351 fois
    311 depuis la dernière actualisation
  • Le résultat moyen est 41 sur 81
Statistiques - réponses
Réponse % Correct
Amsterdam
79%
NEYMAR JR
79%
barcelona92
78%
bank
77%
92i
76%
EVIDEMMENT
75%
LE ZEN ET LES SEINS
74%
BB PART.2
73%
BB PART.3
73%
saudade
73%
92i MAYBACH
69%
finalement riche
68%
ishtar
67%
PAPIERS
66%
phileas fogg
66%
bissap
65%
Briquet
65%
TOUT GACHER
65%
FUM22 NOCIVE
63%
riche nouveau monde
63%
CHAQUE JOUR DE LA SEMAINE
62%
PARFUM
61%
dashboard
60%
Rester Dîner
59%
LICEPO
58%
PALM ANGELS
58%
NOUVEAU MONDE
57%
ekenge
54%
inspecteur gadget
54%
Maman le sait
54%
CALIFORNIA
53%
LES ENNUIS
53%
paire de celine
53%
PJP NMR
53%
SUPER HEROS
53%
TROUBLE
53%
DIAMANT
52%
la haine
51%
SALE TCHOIN
51%
CAMERA
50%
GINGER MC KENNA
50%
LA OU LE VENT NOUS MENE
50%
oseille mon amour
50%
BEZOS-PINAULT-BOLLORE
49%
MPIAKA
49%
MEFIANT
48%
RISQUES
48%
4RM
47%
alfred borden
47%
WALDORF ASTORIA
47%
GANJA
45%
REVES MAGIQUES
45%
VEHICULE ALLEMAND
45%
beverly hills 90210
43%
la brique et la drogue
43%
SEQUELLES
43%
ULTRAMAX400
43%
ADN
42%
DUCCI 3
42%
MAGIC CITY 999
42%
N.I.A
41%
COMME UN AIMANT
39%
mc laren & likelemba
39%
EYELINER
38%
COCAINE COWBOY
37%
MEDAILLE
37%
BILLIE JEAN
36%
BUGATTI BOYS
36%
J'ROULE
36%
Nwar sur Nwar
36%
6AM
34%
COMME TIME BOMB
34%
Aaliyah
29%
Ça recommence
29%
Juste un moment
29%
SHE LIT
28%
Mission
25%
DĀD
21%
Bad Boy
19%
MONEYTIME
19%
Si ça compte
19%
Aucun quiz correspondant
Distribution des résultats
% des personnes avec chaque résultat
Percentile par nombre de réponses
Votre historique - résultats
Vous n’avez pas pris ce quiz depuis la dernière actualisation